000 01109nam a2200313 4500
008 220505m20112014sp ||||jr|||| 00| 0dspa d
020 _a9788427201187 (Volumen 1)
020 _a9788427203181 (Volumen 2)
020 _a9788427206861 (Volumen 3)
020 _a9788427208063 (Volumen 4)
040 _aCO-JMCR
_dCO-JMCR
041 1 _aspa
_heng
082 0 4 _aJ-N
_bROTd
100 1 _aRoth, Veronica,
_dautora
_942043
245 1 0 _aDivergente /
_bVeronica Roth ; traducción de Pilar Ramírez Tello
260 _aBarcelona :
_bRBA,
_c2011-2014
300 _a4 volúmenes ;
_c21 cm.
500 _aIncluye datos biográficos de la autora en la tapa posterior.
505 0 _gv.1.
_tDivergente. --
_gv.2.
_tInsulgente. --
_gv.3.
_tLeal. --
_gv.4.
_tCuatro. --
546 _atraducido del inglés
_beng
650 1 4 _942045
650 1 4 _942044
650 2 4 _942046
650 2 4 _942316
650 2 4 _942402
700 1 _aRamírez Tello, Pilar,
_942047
999 _c29209
_d15863